Normal view MARC view
  • POWER SYSTEMS ANALYSIS

Entry Topical Term

Number of records used in: 1

001 - CONTROL NUMBER

  • control field: 60995

003 - CONTROL NUMBER IDENTIFIER

  • control field: NUST

005 - DATE AND TIME OF LATEST TRANSACTION

  • control field: 20210628202652.0

008 - FIXED-LENGTH DATA ELEMENTS

  • fixed length control field: 210628|| aca||aabn | a|a d

040 ## - CATALOGING SOURCE

  • Original cataloging agency: NUST
  • Transcribing agency: NUST

150 ## - HEADING--TOPICAL TERM

  • Topical term or geographic name entry element: POWER SYSTEMS ANALYSIS

670 ## - SOURCE DATA FOUND

  • Source citation: Work cat.: (NUST): Bergen, Arthur R ; Vittal, Vijay 60994, Power systems analysis, 2003
© 2023 Central Library, National University of Sciences and Technology. All Rights Reserved.